Statistics for Buffy The Vampire Slayer Complete List of Episodes

Click here to take the quiz!

General Stats

  • This quiz has been taken 1,881 times
  • The average score is 76 of 144

Answer Stats

Hint Answer % Correct
1Welcome to the Hellmouth
89%
7Once More, with Feeling
83%
7Angel
82%
2The Harvest
78%
3Witch
77%
1Anne
75%
21Becoming, Part One
74%
10Hush
74%
22Becoming, Part Two
74%
22The Gift
73%
6The Pack
72%
12Prophecy Girl
72%
22Graduation Day, Part Two
72%
21Graduation Day, Part One
72%
16The Body
71%
6Halloween
71%
8I Robot, You Jane
70%
8Tabula Rasa
69%
3Faith, Hope & Trick
69%
20The Prom
68%
22Chosen
68%
9The Wish
67%
4Teacher's Pet
66%
1When She Was Bad
64%
9The Puppet Show
63%
10Nightmares
63%
14Innocence
63%
17Passion
63%
7The Initiative
63%
5Beer Bad
63%
4Inca Mummy Girl
63%
14Bad Girls
63%
1Buffy vs. Dracula
62%
20Go Fish
62%
3School Hard
61%
1The Freshman
60%
10What's My Line, Part Two
60%
9What's My Line, Part One
60%
12Bad Eggs
59%
11Ted
59%
13Surprise
58%
5Never Kill a Boy on the First Date
58%
6Band Candy
58%
13The Zeppo
58%
21Two to Go
57%
19Seeing Red
56%
5Homecoming
56%
9Something Blue
56%
22Restless
56%
2Dead Man's Party
56%
2Bargaining, Part Two
55%
7Lie to Me
55%
1Bargaining, Part One
55%
9Smashed
55%
11Out of Mind, Out of Sight
55%
2Some Assembly Required
54%
14Goodbye Iowa
54%
16Doppelgangland
53%
5Reptile Boy
53%
16Hell's Bells
53%
20The Yoko Factor
53%
12Doublemeat Palace
53%
8Pangs
53%
11Gone
53%
11Gingerbread
52%
10Wrecked
52%
4Fear, Itself
52%
18Earshot
52%
7Conversations with Dead People
51%
16Bewitched, Bothered and Bewildered
51%
13The I in Team
51%
8Lovers Walk
51%
19I Only Have Eyes for You
51%
15Phases
51%
22Grave
51%
12Potential
50%
15I Was Made to Love You
49%
6Family
49%
18Dirty Girls
49%
15This Year's Girl
49%
18Killed by Death
49%
2Living Conditions
49%
4Help
49%
15Consequences
49%
10Amends
49%
2Real Me
48%
19New Moon Rising
48%
16Who Are You
48%
1Lessons
48%
21Primeval
47%
21The Weight of the World
47%
10Into the Woods
47%
8The Dark Age
47%
12Helpless
47%
3The Harsh Light of Day
47%
17Superstar
46%
12A New Man
46%
18Where the Wild Things Are
46%
19Choices
46%
21End of Days
45%
20Villains
45%
4Beauty and the Beasts
44%
2Beneath You
44%
4Flooded
44%
11Triangle
44%
17Enemies
44%
20Spiral
44%
6Him
44%
7Revelations
44%
3After Life
43%
5Life Serial
43%
17Lies My Parents Told Me
43%
18Entropy
43%
14Crush
43%
17Normal Again
42%
17Forever
42%
5Selfless
42%
8Shadow
42%
3The Replacement
41%
7Fool for Love
41%
6Wild at Heart
41%
11Doomed
40%
13Blood Ties
40%
3Same Time, Same Place
40%
13Dead Things
40%
16Storyteller
39%
15As You Were
39%
14Older and Far Away
38%
12Checkpoint
38%
18Intervention
38%
14First Date
38%
13The Killer in Me
38%
20Touched
37%
19Tough Love
37%
11Showtime
37%
4Out of My Mind
37%
6All the Way
37%
10Bring on the Night
35%
15Get It Done
35%
5No Place Like Home
35%
19Empty Places
34%
9Listening to Fear
34%
8Sleeper
33%
9Never Leave Me
31%

Score Distribution

Percentile by Number Answered

Percent of People with Each Score

Your Score History

You have not taken this quiz